[Event "Pardubice op rapid 30th"]
[Site "Pardubice"]
[Date "2019.07.17"]
[Round "3"]
[White "Bystrov, Sergej Mikhailovich"]
[Black "Ret, Adam Josef"]
[Result "1/2-1/2"]
[WhiteElo "2197"]
[BlackElo "1943"]
[PlyCount "121"]
[EventDate "2019.07.17"]
[EventType "swiss (rapid)"]
[EventRounds "9"]
[EventCountry "CZE"]
[SourceTitle "CBM 191 Extra"]
[Source "ChessBase"]
[SourceDate "2019.09.30"]
[SourceVersion "1"]
[SourceVersionDate "2019.09.30"]
[SourceQuality "1"]

1. d4 Nf6 2. Nf3 d5 3. c4 e6 4. Bg5 Be7 5. e3 0-0 6. Nc3 c6 7. Qc2 h6 8. Bh4 Nbd7 9. 0-0-0 dxc4 10. Bxc4 b5 11. Bd3 a5 12. Kb1 Ba6 13. Bxf6 Nxf6 14. Ne5 Qb6 15. Ne4 Rfc8 16. Nxf6+ gxf6 17. Nd7 Qc7 18. Nc5 Bxc5 19. Qxc5 b4 20. Be4 f5 21. Bf3 Rab8 22. Rc1 Bb5 23. g4 fxg4 24. Rhg1 Bd3+ 25. Ka1 Bg6 26. Bxg4 Rb5 27. Qc4 Kh7 28. f4 Qd6 29. Bf3 Rb6 30. h4 h5 31. Rg5 b3 32. Bxh5 bxa2 33. Bxg6+ fxg6 34. Rxa5 Rcb8 35. Rxa2 Qd5 36. Ra7+ Kh6 37. Qxd5 cxd5 38. Rcc7 Kh5 39. Ra2 Kxh4 40. Rca7 Kg4 41. R7a6 g5 42. fxg5 Kxg5 43. Rxb6 Rxb6 44. Ra3 Kf5 45. Ka2 Ke4 46. Rc3 Ra6+ 47. Kb3 Rb6+ 48. Kc2 e5 49. dxe5 Kxe5 50. Rd3 Rb5 51. Kc3 Ke4 52. Rd4+ Kxe3 53. b4 Kf3 54. Kd3 Kg3 55. Ke3 Rb8 56. Kd3 Rb5 57. Ke3 Rb8 58. Kd3 Rb5 59. Kc3 Kf3 60. Kb3 Ke3 61. Kc3 1/2-1/2

[Event "Pardubice op rapid 30th"]
[Site "Pardubice"]
[Date "2019.07.17"]
[Round "1"]
[White "Bystrov, Sergej Mikhailovich"]
[Black "Valderrama Quiceno, Esteban Alberto"]
[Result "0-1"]
[WhiteElo "2197"]
[BlackElo "2423"]
[PlyCount "74"]
[EventDate "2019.07.17"]
[EventType "swiss (rapid)"]
[EventRounds "9"]
[EventCountry "CZE"]
[SourceTitle "CBM 191 Extra"]
[Source "ChessBase"]
[SourceDate "2019.09.30"]
[SourceVersion "1"]
[SourceVersionDate "2019.09.30"]
[SourceQuality "1"]

1. Nf3 Nf6 2. b3 d6 3. Bb2 e5 4. c4 g6 5. g3 Bg7 6. Bg2 0-0 7. 0-0 Re8 8. d3 c6 9. Nbd2 Nbd7 10. e4 a5 11. a3 Nh5 12. Re1 Nc5 13. Qc2 Qb6 14. d4 exd4 15. Bxd4 Bg4 16. Bxg7 Nxg7 17. Qc3 Bxf3 18. Bxf3 Nge6 19. Bg2 Nd7 20. Nf3 Ne5 21. Rad1 Qc5 22. Nxe5 dxe5 23. b4 axb4 24. axb4 Qe7 25. Qxe5 Qxb4 26. Rb1 Qc5 27. Qf6 Qe7 28. Qb2 Nc5 29. Rbd1 Qe5 30. Qxe5 Rxe5 31. Re3 Ree8 32. h3 Ra2 33. e5 Rc2 34. Rd4 Ra8 35. Be4 Rc1+ 36. Kg2 Ra4 37. Bd3 Rd1 0-1

[Event "Pardubice op rapid 30th"]
[Site "Pardubice"]
[Date "2019.07.17"]
[Round "2"]
[White "Kopriva, Martin"]
[Black "Bystrov, Sergej Mikhailovich"]
[Result "1/2-1/2"]
[WhiteElo "2031"]
[BlackElo "2197"]
[PlyCount "65"]
[EventDate "2019.07.17"]
[EventType "swiss (rapid)"]
[EventRounds "9"]
[EventCountry "CZE"]
[SourceTitle "CBM 191 Extra"]
[Source "ChessBase"]
[SourceDate "2019.09.30"]
[SourceVersion "1"]
[SourceVersionDate "2019.09.30"]
[SourceQuality "1"]

1. e4 c5 2. d4 cxd4 3. Nf3 Nc6 4. c3 d3 5. Bxd3 d6 6. 0-0 g6 7. h3 Bg7 8. Qe2 Nf6 9. Rd1 Qc7 10. a4 0-0 11. Na3 a6 12. Nc4 Be6 13. Bf4 Nd7 14. Ne3 Nde5 15. Ng5 Nxd3 16. Rxd3 Ne5 17. Nd5 Bxd5 18. Rxd5 Qc4 19. Qe3 Qb3 20. Bxe5 Bxe5 21. Rd2 Bg7 22. g3 Rac8 23. h4 Rc5 24. Kg2 Qc4 25. Nf3 h6 26. Nd4 h5 27. Rd3 Rc7 28. Rd2 Kh7 29. f4 Qc5 30. Qf3 Qc4 31. Qe3 Qc5 32. Qf3 Qc4 33. Qe3 1/2-1/2

[Event "Pardubice op rapid 29th"]
[Site "Pardubice"]
[Date "2018.07.19"]
[Round "5"]
[White "Bystrov, Sergej Mikhailovich"]
[Black "Haase, Pavel"]
[Result "1-0"]
[WhiteElo "2233"]
[BlackElo "1994"]
[PlyCount "139"]
[EventDate "2018.07.18"]
[EventType "swiss (rapid)"]
[EventRounds "9"]
[EventCountry "CZE"]
[SourceTitle "CBM 185 Extra"]
[Source "ChessBase"]
[SourceDate "2018.07.29"]
[SourceVersion "1"]
[SourceVersionDate "2018.07.29"]
[SourceQuality "1"]

1. d4 Nf6 2. Nf3 e6 3. c4 b6 4. Nc3 Bb7 5. a3 d5 6. cxd5 Nxd5 7. Qc2 c5 8. e4 Nxc3 9. bxc3 Be7 10. Bd3 0-0 11. 0-0 cxd4 12. cxd4 Nc6 13. Bb2 Rc8 14. Qe2 Bf6 15. e5 Be7 16. Rfd1 Na5 17. Rac1 Qd5 18. Rxc8 Rxc8 19. Rc1 Rxc1+ 20. Bxc1 h6 21. Qc2 Bc6 22. h3 b5 23. Qc3 Nc4 24. a4 a6 25. axb5 axb5 26. Ne1 Nb6 27. Bf1 b4 28. Qd3 Qa5 29. Qc2 Qa8 30. Nd3 Nd5 31. Bd2 Ba4 32. Qb2 Qb7 33. Nf4 Nxf4 34. Bxf4 Qc6 35. Qc1 b3 36. Qxc6 Bxc6 37. Bc1 Bd5 38. Bd3 Bb4 39. Bb2 Kf8 40. Kf1 Ke7 41. f3 Kd7 42. Ke2 Kc6 43. Be4 f5 44. exf6 gxf6 45. g4 Kd6 46. Kd3 f5 47. gxf5 exf5 48. Bxf5 Bxf3 49. Be4 Bh5 50. Kc4 Be1 51. Kxb3 Bf7+ 52. Kc2 Bd5 53. Kd3 Ke6 54. Bc1 h5 55. Bg5 Bg3 56. Ke3 Kd6 57. Bf4+ Bxf4+ 58. Kxf4 Be6 59. h4 Bg4 60. Kg5 Be2 61. Kf4 Bc4 62. Bf3 Bf7 63. Kg5 Bg8 64. Kxh5 Ke6 65. Kg6 Bf7+ 66. Kg5 Bg8 67. Be4 Bf7 68. h5 Be8 69. h6 Kf7 70. Bg6+ 1-0

[Event "Pardubice op rapid 29th"]
[Site "Pardubice"]
[Date "2018.07.19"]
[Round "7"]
[White "Bystrov, Sergej Mikhailovich"]
[Black "Zdrazil, Jan"]
[Result "1-0"]
[WhiteElo "2233"]
[BlackElo "1953"]
[PlyCount "45"]
[EventDate "2018.07.18"]
[EventType "swiss (rapid)"]
[EventRounds "9"]
[EventCountry "CZE"]
[SourceTitle "CBM 185 Extra"]
[Source "ChessBase"]
[SourceDate "2018.07.29"]
[SourceVersion "1"]
[SourceVersionDate "2018.07.29"]
[SourceQuality "1"]

1. e4 c5 2. Nc3 d6 3. Bc4 g6 4. d3 Bg7 5. f4 Nc6 6. Nf3 Nf6 7. 0-0 0-0 8. a3 e6 9. Qe1 Bd7 10. Qh4 Nd4 11. Nxd4 cxd4 12. Ne2 b5 13. Bb3 Qb6 14. f5 exf5 15. exf5 Bxf5 16. Ng3 Rfe8 17. Nxf5 gxf5 18. Rxf5 d5 19. Bh6 Qe6 20. Raf1 Bxh6 21. Qxh6 Ne4 22. Qf4 Nd6 23. Rf6 1-0

[Event "Pardubice op rapid 29th"]
[Site "Pardubice"]
[Date "2018.07.18"]
[Round "3"]
[White "Bystrov, Sergej Mikhailovich"]
[Black "Ludvik, Tomas"]
[Result "1/2-1/2"]
[WhiteElo "2233"]
[BlackElo "2048"]
[PlyCount "160"]
[EventDate "2018.07.18"]
[EventType "swiss (rapid)"]
[EventRounds "9"]
[EventCountry "CZE"]
[SourceTitle "CBM 185 Extra"]
[Source "ChessBase"]
[SourceDate "2018.07.29"]
[SourceVersion "1"]
[SourceVersionDate "2018.07.29"]
[SourceQuality "1"]

1. d4 d5 2. Nf3 Nf6 3. c4 c6 4. Qc2 g6 5. Bf4 Bf5 6. Qb3 Qb6 7. e3 Nbd7 8. h3 Bg7 9. Nc3 Qxb3 10. axb3 0-0 11. Be2 Rfe8 12. g4 Be4 13. Nxe4 Nxe4 14. cxd5 cxd5 15. Bb5 a6 16. Bxd7 Red8 17. Ke2 Rxd7 18. Rhc1 f6 19. Bc7 Rc8 20. Ba5 Rxc1 21. Rxc1 e6 22. Rc8+ Kf7 23. Ne1 Bf8 24. Nd3 Bd6 25. f3 Ng3+ 26. Kf2 h5 27. Kg2 h4 28. Be1 Rc7 29. Rxc7+ Bxc7 30. f4 Ne4 31. Bxh4 Bd6 32. Be1 Ke7 33. Kf3 Kf7 34. Ke2 Ke7 35. Bb4 Bxb4 36. Nxb4 Ng3+ 37. Ke1 Ne4 38. Nd3 b6 39. h4 Kf7 40. Nf2 Nd6 41. Ke2 Ke7 42. Kd3 f5 43. Ke2 Kf7 44. Kf3 Kg7 45. g5 Kf7 46. Kg3 Kg7 47. h5 gxh5 48. Kh4 Kg6 49. Nd3 Ne4 50. Ne5+ Kg7 51. Kxh5 Ng3+ 52. Kh4 Nf1 53. Nd7 Nxe3 54. Nxb6 Nc2 55. Na4 Nxd4 56. Nc5 a5 57. Kg3 Kf7 58. Kf2 Nc6 59. Ke3 d4+ 60. Kd3 e5 61. fxe5 Nxe5+ 62. Kxd4 Nf3+ 63. Kd5 Nxg5 64. Ke5 Kg6 65. Nb7 Nh3 66. Nxa5 f4 67. Ke4 Kg5 68. Nc4 Nf2+ 69. Kf3 Nd3 70. Ke2 Nc1+ 71. Kd2 Nxb3+ 72. Kc3 Nc5 73. b4 Nd7 74. Kd4 Kf5 75. Kd5 f3 76. Kd6 Nb8 77. b5 Kf4 78. Kc7 f2 79. Nd2 Ke3 80. Nf1+ Kd4 1/2-1/2

[Event "Pardubice op rapid 28th"]
[Site "Pardubice"]
[Date "2017.07.19"]
[Round "2"]
[White "Bystrov, Sergej Mikhailovich"]
[Black "Tilicheev, Viacheslav"]
[Result "0-1"]
[WhiteElo "2256"]
[BlackElo "2497"]
[PlyCount "66"]
[EventDate "2017.07.19"]
[EventType "swiss (rapid)"]
[EventRounds "9"]
[EventCountry "CZE"]
[SourceTitle "CBM 179 Extra"]
[Source "ChessBase"]
[SourceDate "2017.08.23"]
[SourceVersion "1"]
[SourceVersionDate "2017.08.23"]
[SourceQuality "1"]

1. d4 Nf6 2. Nf3 g6 3. Bf4 Bg7 4. e3 0-0 5. h3 d6 6. Nbd2 Nc6 7. c3 Qe8 8. Be2 e5 9. dxe5 Nxe5 10. 0-0 Bf5 11. Nc4 Nxf3+ 12. Bxf3 Be4 13. Bxe4 Qxe4 14. Nd2 Qc6 15. Nf3 Ne4 16. Qb3 Qb6 17. Rfd1 Nc5 18. Qc2 a5 19. a4 Rfd8 20. e4 Qb3 21. Qb1 Nxa4 22. Nd4 Bxd4 23. cxd4 b5 24. Rd2 c5 25. Ra3 Qe6 26. d5 Qe7 27. Rg3 Re8 28. f3 c4 29. Qc2 Qf6 30. Be3 c3 31. bxc3 Qxc3 32. Bd4 Qxc2 33. Rxc2 Rec8 0-1

[Event "Pardubice op rap 26th"]
[Site "Pardubice"]
[Date "2015.07.23"]
[Round "5"]
[White "Rasik, Vitezslav"]
[Black "Bystrov, Sergej Mikhailovich"]
[Result "1-0"]
[WhiteElo "2446"]
[BlackElo "2268"]
[PlyCount "65"]
[EventDate "2015.07.22"]
[EventType "swiss (rapid)"]
[EventRounds "9"]
[EventCountry "CZE"]
[SourceTitle "CBM 167 Extra"]
[Source "ChessBase"]
[SourceDate "2015.09.14"]
[SourceVersion "1"]
[SourceVersionDate "2015.09.14"]
[SourceQuality "1"]

1. e4 d6 2. d4 Nf6 3. Nc3 e5 4. f3 exd4 5. Qxd4 Nc6 6. Bb5 Bd7 7. Bxc6 Bxc6 8. Nge2 Be7 9. Ng3 Bd7 10. Bg5 0-0 11. 0-0-0 Nd5 12. Nxd5 Bxg5+ 13. f4 Bh6 14. Nf5 Bxf5 15. exf5 c6 16. Ne3 d5 17. g4 g5 18. f6 Re8 19. Nf5 Bf8 20. fxg5 Qa5 21. Kb1 Re4 22. Qd3 Rae8 23. Qh3 Qc5 24. a3 Re2 25. Qd3 a5 26. Ne7+ R8xe7 27. fxe7 Qxe7 28. h4 Bg7 29. Qf5 Re5 30. Qc8+ Bf8 31. Rhf1 Re2 32. Qf5 b5 33. Qf6 1-0

[Event "Pardubice Czech op-A 25th"]
[Site "Pardubice"]
[Date "2014.07.25"]
[Round "8"]
[White "Bystrov, Sergej Mikhailovich"]
[Black "Heimrath, Reiner"]
[Result "1/2-1/2"]
[WhiteElo "2280"]
[BlackElo "2187"]
[PlyCount "108"]
[EventDate "2014.07.18"]
[EventType "swiss"]
[EventRounds "9"]
[EventCountry "CZE"]
[SourceTitle "CBM 161 Extra"]
[Source "ChessBase"]
[SourceDate "2014.08.29"]
[SourceVersion "1"]
[SourceVersionDate "2014.08.29"]
[SourceQuality "1"]

1. e4 e5 2. Nf3 Nc6 3. Bc4 Nf6 4. d3 h6 5. 0-0 d6 6. c3 g5 7. b4 Bg7 8. a4 Qe7 9. Kh1 Bg4 10. Nbd2 Nh5 11. Qb3 Nf4 12. Ng1 Bd7 13. Re1 Be6 14. Nf1 Nxd3 15. Re2 Nf4 16. Rd2 Bxc4 17. Qxc4 Qe6 18. Ne3 Qxc4 19. Nxc4 Ne7 20. Ne3 0-0 21. Bb2 f5 22. f3 Ne6 23. Ne2 fxe4 24. fxe4 a5 25. Ng3 Rf4 26. Kg1 Bf8 27. Nh5 Rf7 28. Ng3 b6 29. Ngf5 Nxf5 30. exf5 Ng7 31. g4 Ne8 32. h3 Nf6 33. b5 Rd7 34. c4 Kf7 35. Kg2 c6 36. bxc6 Rc7 37. Kf3 Rxc6 38. Ba3 e4+ 39. Ke2 Nd7 40. Rad1 Ne5 41. Rd4 Rac8 42. Rxe4 Nxc4 43. Nxc4 Rxc4 44. Rxc4 Rxc4 45. Bxd6 Bg7 46. Rb1 Bd4 47. Kd3 Rxa4 48. Bc7 Bf6 49. Rxb6 Ra3+ 50. Ke4 Rxh3 51. Rb7 Kg8 52. Bxa5 Rg3 53. Kd5 Re3 54. Bc7 Re1 1/2-1/2

[Event "Pardubice op rap 25th"]
[Site "Pardubice"]
[Date "2014.07.17"]
[Round "7"]
[White "Mojzis, Jaroslav"]
[Black "Bystrov, Sergej Mikhailovich"]
[Result "0-1"]
[WhiteElo "2137"]
[BlackElo "2280"]
[PlyCount "78"]
[EventDate "2014.07.16"]
[EventType "swiss (rapid)"]
[EventRounds "9"]
[EventCountry "CZE"]
[SourceTitle "EXT 2015"]
[Source "ChessBase"]
[SourceDate "2014.11.20"]
[SourceVersion "1"]
[SourceVersionDate "2014.11.20"]
[SourceQuality "1"]

1. Nf3 c5 2. g3 Nc6 3. d4 cxd4 4. Nxd4 Nf6 5. Bg2 Qb6 6. e3 d5 7. 0-0 e5 8. Nb3 Bg4 9. f3 Be6 10. Kh1 a5 11. a4 Rd8 12. Qe2 Be7 13. Nc3 0-0 14. Nb5 Rc8 15. f4 Bg4 16. Qd2 Ne4 17. Qxd5 Nf6 18. Qd2 Nb4 19. c3 Rfd8 20. Qf2 Nd3 21. Qc2 Nb4 22. Qf2 Nd3 23. Qc2 Be6 24. fxe5 Nb4 25. Qf2 Ng4 26. Qf4 Nd3 27. Qf3 Ngxe5 28. Qxb7 Qxb7 29. Bxb7 Bxb3 30. Bxc8 Rxc8 31. e4 Nc5 32. Nd4 Bc4 33. Rf5 f6 34. Bf4 g6 35. Rxe5 fxe5 36. Bxe5 Nxe4 37. Re1 Bd5 38. Kg1 Bf8 39. Nb5 Bc5+ 0-1

[Event "Pardubice Czech op-A 24th"]
[Site "Pardubice"]
[Date "2013.07.22"]
[Round "4"]
[White "Bystrov, Sergej Mikhailovich"]
[Black "Mammadov, Zaur Fazahir Oglu"]
[Result "1-0"]
[WhiteElo "2273"]
[BlackElo "2437"]
[PlyCount "173"]
[EventDate "2013.07.19"]
[EventType "swiss"]
[EventRounds "9"]
[EventCountry "CZE"]
[SourceTitle "CBM 155 Extra"]
[Source "ChessBase"]
[SourceDate "2013.08.26"]
[SourceVersion "1"]
[SourceVersionDate "2013.08.26"]
[SourceQuality "1"]

1. e4 c6 2. d4 d5 3. exd5 cxd5 4. Bd3 Nc6 5. c3 Nf6 6. Bf4 g6 7. Nf3 Bg7 8. Nbd2 Nh5 9. Be3 0-0 10. 0-0 Qc7 11. Re1 a6 12. Nb3 f6 13. Bf1 Nd8 14. Qc1 Nf7 15. c4 dxc4 16. Qxc4 Qd6 17. d5 b6 18. Qc6 Rb8 19. Qxd6 Nxd6 20. Nfd4 b5 21. Nc6 Rb7 22. Nba5 Rc7 23. Bb6 Rd7 24. Nb8 Kf7 25. Nxd7 Bxd7 26. Nc6 Nc8 27. Bc5 Re8 28. Nb8 Rd8 29. Nxa6 f5 30. Nc7 Nf4 31. g3 Nh5 32. Nxb5 Bxb2 33. Rab1 Bh8 34. Bc4 Kf8 35. a4 Nf6 36. f3 Ne8 37. Red1 Bxb5 38. Bxb5 Nc7 39. a5 Nd6 40. Bb6 Ndxb5 41. Rxb5 Rb8 42. Rc5 Na6 43. Rc4 Be5 44. Rdc1 Kf7 45. Rc8 Rb7 46. R1c4 Bd6 47. Rd8 g5 48. f4 gxf4 49. gxf4 Kg6 50. Kg2 Nb8 51. Rc6 Kh5 52. Rdxd6 exd6 53. Rc7 Rxc7 54. Bxc7 Nd7 55. Bxd6 Nf6 56. a6 Nxd5 57. a7 Nb6 58. Kg3 Kg6 59. Bc7 Na8 60. Bd8 Kf7 61. Kf3 Ke6 62. Kg3 Kf7 63. Ba5 Kf6 64. Bc3+ Kf7 65. h3 Nb6 66. Kf3 Ke6 67. Ba5 Na8 68. Ke3 Kd5 69. Kd3 Kc5 70. Kc3 h6 71. h4 h5 72. Bd8 Kd5 73. Kb4 Kc6 74. Kc4 Kd7 75. Ba5 Kc6 76. Kb4 Kd5 77. Kb5 Kd6 78. Bb4+ Kd7 79. Ba5 Kd6 80. Bb4+ Kd7 81. Kc5 Kc7 82. Ba5+ Kb7 83. Kd5 Ka6 84. Bd8 Kxa7 85. Ke5 Kb7 86. Kxf5 Kc8 87. Ba5 1-0

[Event "Pardubice Czech op-A 24th"]
[Site "Pardubice"]
[Date "2013.07.19"]
[Round "1"]
[White "Stupak, Kirill"]
[Black "Bystrov, Sergej Mikhailovich"]
[Result "1-0"]
[WhiteElo "2510"]
[BlackElo "2273"]
[PlyCount "53"]
[EventDate "2013.07.19"]
[EventType "swiss"]
[EventRounds "9"]
[EventCountry "CZE"]
[SourceTitle "CBM 155 Extra"]
[Source "ChessBase"]
[SourceDate "2013.08.26"]
[SourceVersion "1"]
[SourceVersionDate "2013.08.26"]
[SourceQuality "1"]

1. d4 d5 2. Nf3 c6 3. g3 Nf6 4. Bg2 Bf5 5. 0-0 e6 6. c4 Nbd7 7. Nc3 Be7 8. Nh4 Bg4 9. h3 Bh5 10. Qb3 Qb6 11. c5 Qa6 12. g4 Bg6 13. g5 Ne4 14. Nxg6 hxg6 15. Nxe4 dxe4 16. Bf4 Rh5 17. Bxe4 e5 18. Bd3 Qa5 19. Bg3 Rxg5 20. Qxb7 Rb8 21. Qxc6 exd4 22. Rac1 Kd8 23. h4 Rg4 24. Qf3 Ne5 25. Qd5+ Nd7 26. Qxf7 Bxc5 27. Bxg6 1-0

[Event "Pardubice op rap 24th"]
[Site "Pardubice"]
[Date "2013.07.18"]
[Round "7"]
[White "Bystrov, Sergej Mikhailovich"]
[Black "Sergeyev, Alexander"]
[Result "1-0"]
[WhiteElo "2273"]
[BlackElo "2368"]
[PlyCount "48"]
[EventDate "2013.07.17"]
[EventType "swiss (rapid)"]
[EventRounds "9"]
[EventCountry "CZE"]
[SourceTitle "CBM 155 Extra"]
[Source "ChessBase"]
[SourceDate "2013.08.26"]
[SourceVersion "1"]
[SourceVersionDate "2013.08.26"]
[SourceQuality "1"]

1. d4 d5 2. Nf3 Nf6 3. c4 c6 4. Qc2 dxc4 5. Qxc4 Nbd7 6. Nc3 Nb6 7. Qd3 Bg4 8. e4 Bxf3 9. gxf3 g6 10. Be3 Bg7 11. Be2 Qc7 12. 0-0 Rd8 13. Rad1 0-0 14. f4 c5 15. d5 Bh6 16. Qd2 Qd7 17. Kh1 Na4 18. Nxa4 Qxa4 19. f3 Nh5 20. b3 Qd7 21. Rg1 Qh3 22. f5 Bxe3 23. Qxe3 b6 24. Rg4 Nf6 1-0

[Event "Pardubice op rap 24th"]
[Site "Pardubice"]
[Date "2013.07.18"]
[Round "4"]
[White "Bystrov, Sergej Mikhailovich"]
[Black "Sundararajan, Kidambi"]
[Result "1-0"]
[WhiteElo "2273"]
[BlackElo "2435"]
[PlyCount "73"]
[EventDate "2013.07.17"]
[EventType "swiss (rapid)"]
[EventRounds "9"]
[EventCountry "CZE"]
[SourceTitle "CBM 155 Extra"]
[Source "ChessBase"]
[SourceDate "2013.08.26"]
[SourceVersion "1"]
[SourceVersionDate "2013.08.26"]
[SourceQuality "1"]

1. e4 c6 2. d4 d5 3. exd5 cxd5 4. Bd3 Nc6 5. c3 Qc7 6. Ne2 Bg4 7. f3 Bh5 8. Bf4 Qd7 9. 0-0 e6 10. a4 Bg6 11. a5 a6 12. Bxg6 hxg6 13. Nd2 Bd6 14. Re1 Nge7 15. b4 g5 16. Bxd6 Qxd6 17. Nf1 Nf5 18. Nc1 Rh4 19. Nd3 Kf8 20. Qd2 Qe7 21. Ne3 Nxe3 22. Rxe3 Qc7 23. g3 Rh6 24. Rae1 Re8 25. R3e2 Rh5 26. Kg2 Rc8 27. Nc5 Kg8 28. h3 Ne7 29. Re5 Nf5 30. f4 gxf4 31. Qxf4 Rh8 32. Rxf5 exf5 33. Re8+ Kh7 34. Qh4+ Kg6 35. Qxh8 Rxe8 36. Qxe8 f4 37. Qe5 1-0

[Event "Pardubice op rap 24th"]
[Site "Pardubice"]
[Date "2013.07.18"]
[Round "9"]
[White "Bystrov, Sergej Mikhailovich"]
[Black "Zwardon, Vojtech"]
[Result "0-1"]
[WhiteElo "2273"]
[BlackElo "2391"]
[PlyCount "72"]
[EventDate "2013.07.17"]
[EventType "swiss (rapid)"]
[EventRounds "9"]
[EventCountry "CZE"]
[SourceTitle "CBM 155 Extra"]
[Source "ChessBase"]
[SourceDate "2013.08.26"]
[SourceVersion "1"]
[SourceVersionDate "2013.08.26"]
[SourceQuality "1"]

1. d4 Nf6 2. Nf3 e6 3. c4 b6 4. Nc3 Bb7 5. a3 d5 6. cxd5 exd5 7. Bg5 Nbd7 8. e3 a6 9. Bd3 Bd6 10. 0-0 0-0 11. b4 c5 12. bxc5 bxc5 13. Ne2 Rc8 14. dxc5 Nxc5 15. Bf5 Rb8 16. Bf4 Re8 17. Rb1 Nce4 18. Bxd6 Qxd6 19. Qd3 a5 20. Ned4 Ba6 21. Nb5 Bxb5 22. Rxb5 Rxb5 23. Qxb5 Qxa3 24. Bxe4 dxe4 25. Nd4 Ra8 26. Qc6 Rb8 27. g3 h5 28. Kg2 a4 29. Rc1 Qb2 30. Rc2 a3 31. Qa6 Nd5 32. Rc8+ Kh7 33. Nc2 Rxc8 34. Qxc8 Nf6 35. Qc4 a2 36. Qa4 Qxc2 0-1

[Event "Pardubice op rap 24th"]
[Site "Pardubice"]
[Date "2013.07.18"]
[Round "6"]
[White "Strebkovs, Andrejs"]
[Black "Bystrov, Sergej Mikhailovich"]
[Result "0-1"]
[WhiteElo "2312"]
[BlackElo "2273"]
[PlyCount "104"]
[EventDate "2013.07.17"]
[EventType "swiss (rapid)"]
[EventRounds "9"]
[EventCountry "CZE"]
[SourceTitle "CBM 155 Extra"]
[Source "ChessBase"]
[SourceDate "2013.08.26"]
[SourceVersion "1"]
[SourceVersionDate "2013.08.26"]
[SourceQuality "1"]

1. g3 c5 2. d3 Nc6 3. c3 g6 4. Bg2 Bg7 5. e4 d6 6. Nh3 e5 7. f4 Nge7 8. Nf2 0-0 9. Nd2 exf4 10. gxf4 d5 11. Nf3 b6 12. 0-0 dxe4 13. dxe4 Ba6 14. Re1 Qxd1 15. Rxd1 Rad8 16. Be3 Na5 17. Rxd8 Rxd8 18. Rd1 Rxd1+ 19. Nxd1 Bc4 20. a3 f5 21. Ne5 Be2 22. Nf2 Bxe5 23. fxe5 Nc4 24. Bg5 Kf7 25. exf5 gxf5 26. Bf6 Nxb2 27. Nh3 h6 28. Nf4 Bd1 29. Nd5 Ng8 30. Bh8 Bb3 31. Nf4 Ne7 32. Bf3 Bd1 33. Bg2 Bb3 34. Bf6 Ng6 35. Nxg6 Kxg6 36. Bc6 f4 37. Kf2 Kf5 38. Bd7+ Be6 39. Bb5 c4 40. Bg7 h5 41. Be8 Nd3+ 42. Ke2 h4 43. Bf6 h3 44. Bc6 Nxe5 45. Bxe5 Kxe5 46. Kf2 Bd5 47. Bd7 Ke4 48. Ke2 f3+ 49. Kd2 Kf4 50. Bxh3 Be4 51. Bf1 b5 52. Bh3 Bd3 0-1

[Event "Tabor op"]
[Site "Tabor"]
[Date "2012.08.04"]
[Round "8"]
[White "Tesar, Jan"]
[Black "Bystrov, Sergej Mikhailovich"]
[Result "1/2-1/2"]
[WhiteElo "2100"]
[BlackElo "2291"]
[PlyCount "37"]
[EventDate "2012.07.29"]
[EventType "swiss"]
[EventRounds "9"]
[EventCountry "CZE"]
[SourceTitle "EXT 2013"]
[Source "ChessBase"]
[SourceDate "2012.11.22"]
[SourceVersion "1"]
[SourceVersionDate "2012.11.22"]
[SourceQuality "1"]

1. Nf3 f5 2. d3 Nf6 3. e4 d6 4. Nc3 e5 5. g3 Be7 6. Bg2 Nc6 7. 0-0 0-0 8. Bg5 Be6 9. Qe2 Qd7 10. Rad1 Rae8 11. Rfe1 h6 12. Bc1 g5 13. d4 fxe4 14. Nxe4 Nxe4 15. Qxe4 Bf5 16. Qd5+ Be6 17. Qe4 Bf5 18. Qd5+ Be6 19. Qe4 1/2-1/2

[Event "Tabor op"]
[Site "Tabor"]
[Date "2012.08.03"]
[Round "7"]
[White "Voloshin, Leonid"]
[Black "Bystrov, Sergej Mikhailovich"]
[Result "1-0"]
[WhiteElo "2427"]
[BlackElo "2291"]
[PlyCount "97"]
[EventDate "2012.07.29"]
[EventType "swiss"]
[EventRounds "9"]
[EventCountry "CZE"]
[SourceTitle "EXT 2013"]
[Source "ChessBase"]
[SourceDate "2012.11.22"]
[SourceVersion "1"]
[SourceVersionDate "2012.11.22"]
[SourceQuality "1"]

1. Nf3 c5 2. g3 Nc6 3. d4 d5 4. Bg2 Nf6 5. 0-0 cxd4 6. Nxd4 e5 7. Nxc6 bxc6 8. c4 Be6 9. Qa4 Qd7 10. Nc3 Rc8 11. cxd5 cxd5 12. Qxd7+ Kxd7 13. Rd1 d4 14. e3 Bc5 15. exd4 exd4 16. Be3 Ke7 17. Bxd4 Bxd4 18. Rxd4 Rc5 19. Re1 Rd8 20. Rxd8 Kxd8 21. f4 h5 22. h4 Kc7 23. Bf3 Ra5 24. Kf2 g6 25. b4 Rf5 26. Ke3 Nd5+ 27. Bxd5 Bxd5 28. Kd4 Bc6 29. Re5 Rf6 30. b5 Bb7 31. Kc5 Kd7 32. a4 a6 33. Nd5 Bxd5 34. Rxd5+ Kc7 35. Re5 axb5 36. axb5 Kd7 37. Re3 Rf5+ 38. Kb6 Rd5 39. Rc3 f6 40. Ka6 g5 41. hxg5 fxg5 42. fxg5 Rxg5 43. b6 Rg4 44. b7 Ra4+ 45. Kb6 Rb4+ 46. Ka7 Ra4+ 47. Kb8 h4 48. gxh4 Rxh4 49. Rd3+ 1-0

[Event "Tabor op"]
[Site "Tabor"]
[Date "2012.08.01"]
[Round "5"]
[White "Bystrov, Sergej Mikhailovich"]
[Black "Ruzicka, Ales"]
[Result "1-0"]
[WhiteElo "2291"]
[BlackElo "2080"]
[PlyCount "55"]
[EventDate "2012.07.29"]
[EventType "swiss"]
[EventRounds "9"]
[EventCountry "CZE"]
[SourceTitle "EXT 2013"]
[Source "ChessBase"]
[SourceDate "2012.11.22"]
[SourceVersion "1"]
[SourceVersionDate "2012.11.22"]
[SourceQuality "1"]

1. e4 c5 2. Nc3 d6 3. f4 Nc6 4. Bc4 e6 5. Nf3 Nf6 6. d3 Be7 7. 0-0 0-0 8. Qe1 d5 9. Bb3 dxe4 10. dxe4 Nd4 11. e5 Ne8 12. Kh1 Nxb3 13. axb3 Bd7 14. Be3 Bc6 15. Qf2 b6 16. Rad1 Qc8 17. Nd2 Qb7 18. Nc4 Nc7 19. Nd6 Bxd6 20. Rxd6 Nd5 21. Nxd5 exd5 22. f5 Rad8 23. f6 Rxd6 24. Qg3 g6 25. Qg5 Kh8 26. Rf4 d4 27. Qh6 Bxg2+ 28. Kg1 1-0

[Event "Pardubice Czech op-A 23rd"]
[Site "Pardubice"]
[Date "2012.07.28"]
[Round "9"]
[White "Bystrov, Sergej Mikhailovich"]
[Black "Grigorian, Spartak"]
[Result "1-0"]
[WhiteElo "2291"]
[BlackElo "2107"]
[PlyCount "45"]
[EventDate "2012.07.12"]
[EventType "swiss"]
[EventRounds "9"]
[EventCountry "CZE"]
[SourceTitle "CBM 149 Extra"]
[Source "ChessBase"]
[SourceDate "2012.08.24"]
[SourceVersion "1"]
[SourceVersionDate "2012.08.24"]
[SourceQuality "1"]

1. e4 c5 2. Nc3 Nc6 3. f4 g6 4. Bc4 Bg7 5. d3 e6 6. Nf3 Nge7 7. 0-0 0-0 8. Qe1 d5 9. Bb3 Na5 10. exd5 Nxb3 11. axb3 Nxd5 12. Ne5 b6 13. Ne4 Nxf4 14. Bxf4 Qd4+ 15. Rf2 f5 16. Ra4 Qd8 17. Nc3 g5 18. Bd2 Qf6 19. Re2 Bb7 20. Nd7 Qf7 21. Nxf8 Rxf8 22. Bxg5 Bd4+ 23. Be3 1-0